00781cam a22002291 4500001001300000003000400013005001700017008004100034010002200075025002000097043001200117050001900129100003600148245009400184260005800278300003000336500001700366500008000383504003000463651004100493999001700534sa 68018210 DLC20260227112709.0710714s1966 ii b b 00010 eng  asa 68018210 //r83 aPL480:I-E-10117 aa-ii---0 aDS485.M34bS2210aSankalia, Hasmukhlal Dhirajlal.14aThe history of man in Maharashtra:bwork done and plan of work ahead,cby H. D. Sankalia.0 aBombay,bMumbai Marathi Grantha Samgrahalayac[1966?] a32 p.bfold. map.c24 cm. aCover title. aAt head of title: Presidential address, First Maharashtra Itihasa Parishad. aBibliography: p. [21]-32. 0aMaharashtra (India)xHistoriography. c88240d88240